000 00602 a2200193 4500
005 20240802150406.0
010 _aENG-141155
020 _c250.00
035 _aEN-124687
037 _bDBAD
082 _a921
_21
245 _aWorld Famous Scientists:
_bModern and Ancient/
_cRetold by Kolar Krishna Iyer
250 _a1
260 _aVijayawada
_bNavaratna Book House
_c2023
270 _a28-22-20, Rahiman Street, Arundel Pet,
_bVijayawada
_e520002
_k08662432813
300 _a167p.
_c22cm(pb)
700 _99757
_aIyer, Kolar Krishna
_eRetold
942 _adpl
_cEN
_2ddc
_mWOR
_h921
999 _c204760
_d204760